000 00833nam a22002417a 4500
999 _c166016
_d166016
005 20190710131749.0
010 _aB-70379
020 _a8188378089
_c250.00
035 _aB-70379
037 _bBPPD/Ven.
_adpl
082 _a841
_22002
100 _aقا ضی مشتا ق ا حمد
245 _aا ر د و شا عر ی مير سے پر و ين شا کر تک
_cقا ضی مشتا ق ا حمد
_hUrdu
246 _aUrdu Shairi:Meer se Parveen Shakir Tak (Urdu)
_bQazi Mushtaque Ahmed
250 _a2002 ء
260 _aN.Delhi 110002
_bMaktaba Jadeed
270 _a9/10,Gola Market,Darya Ganj,
300 _a256ص
_c22cm(Hbk)
490 _aJaico illustrated classics series
942 _2ddc
_cUR
_mم ش ت
_h841